| 000 | 00544nam a2200181Ia 4500 | ||
|---|---|---|---|
| 008 | 090123s9999 xx 000 0 und d | ||
| 082 |
_b24010 _a891.463/वाळिंबे |
||
| 100 | _aवाळिंबे शरदचंद्र | ||
| 245 | _aक्ष | ||
| 250 | _a0 | ||
| 260 |
_bवसंत प्रकाशन _c1994 |
||
| 300 | _a240 | ||
| 600 | _aवाळिंबे शरदचंद्र | ||
| 630 | _aक्ष | ||
| 700 | _aवाळिंबे शरदचंद्र | ||
| 730 | _aक्ष | ||
| 942 | _cBOOK | ||
| 999 |
_c62081 _d62081 |
||